000 00261nam a22001217a 4500
008 180213b xxu||||| |||| 00| 0 eng d
041 _aeng
080 _a7
100 _a44
101 _aART
245 _aSTRUCTURAL STEEL DESIGN
_cROBERT.F
942 _2udc
_cBK
999 _c42395
_d42395